000 00806nac a22002171u 4500
090 _c4824
008 080925t xxu||||| |||| 00| 0 eng d
010 _a 96051988
020 _a0295976195 (cloth)
020 _a0295976209 (pbk.)
082 0 0 _a325.2
_bCOH
100 _aCohen, Robin,
245 1 0 _aGlobal diasporas :
_ban introduction /
_cRobin Cohen.
260 _aSeattle :
_bUniversity of Washington Press,
_c1997.
300 _a228 p. ;
_c23 cm.
440 0 _aGlobal diasporas
504 _aIncludes bibliographical references (p. 209-220) and index.
650 0 _aEmigration and immigration
_xHistory.
942 _cBB
_k325.2COH
_2ddc
999 _c4824
_d4824